Szczegóły MARC21

Socjalizacja w kategoriach wieku społecznego : dzieciństwo i młodość : standaryzacja socjalizacji inkluzyjnej : przewodnik i teksty do ćwiczeń z socjologii wychowania /

005 -DATA I CZAS OSTATNIEJ MODYFIKACJI [,]
    • @
    • pole kontrolne
    • 20110708103424.0
020 -Międzynarod. znormalizowany nr książki - ISBN [ , ]
    • a
    • Numer ISBN
    • 9788392843955 Find
040 -Instytucja sporządzająca opis [ , ]
    • a
    • Instytucja, która sporządziła opis (NP)
    • SZCZ U/KLR
    • c
    • Instytucja, która sporządziła rekord (NP)
    • SZCZ U/KLR
    • d
    • Instytucja, która zmodyfikowała rekord (P)
    • SZCZ U/MM
041 -Język dokumentu [0, ]
    • a
    • Język tekstu (P)
    • polski
044 -Kraj miejsca wydania [ , ]
    • a
    • Kraj miejsca wydania
    • Polska
942 -Rodzaj dokumentu [ , ]
    • c
    • Rodzaj dokumentu
    • Książka
245 -Strefa tytułu i oznaczenia odpowiedzialności [0,0]
    • a
    • Tytuł
    • Socjalizacja w kategoriach wieku społecznego : Find
    • b
    • Ciąg dalszy tytułu (NP)
    • dzieciństwo i młodość : standaryzacja socjalizacji inkluzyjnej : przewodnik i teksty do ćwiczeń z socjologii wychowania / Find
    • c
    • Pozostałe elementy strefy tytułu i oznaczenia odpowiedzialności (NP)
    • red. t. Dorota Sipińska, Jerzy Modrzewski, Agata Matysiak-Błaszczyk.
246 -Wariant tytułu [1,8]
    • a
    • Tytuł (NP)
    • Dzieciństwo i młodość :
    • b
    • Ciąg dalszy tytułu (NP)
    • standaryzacja socjalizacji inkluzyjnej
260 -Strefa adresu wydawniczego [ , ]
    • a
    • Miejsce wydania (P)
    • Leszno :
    • b
    • Nazwa wydawcy (P)
    • Państwowa Wyższa Szkoła Zawodowa im. Jana Amosa Komeńskiego,
    • c
    • Data wydania (P)
    • 2010.
300 -Strefa opisu fizycznego [ , ]
    • a
    • Określenie formy książki i/lub objętość (NP)
    • 340 s. ;
    • c
    • Format (NP)
    • 24 cm.
504 -Uwaga dot. bibliogr. załącznikowej [ , ]
    • a
    • Uwaga dot. bibliografii załącznikowej
    • Bibliogr. przy pracach.
080 -Uniwersalna Klasyfikacja Dziesiętna [ , ]
    • 2
    • Identyfikator wydania tablic
    • UDC-P058
    • 9
    • UKD
    • 3835
    • a
    • Symbol klasyfikacji
    • 37.015
    • b
    • Dopowiedzenie
    • Dyscypliny naukowe wykorzystywane w procesach wychowania i nauczania.
    • 4
    • UKD2
    • 7665
    • x
    • Poddział wspólny
    • (075.8)
    • c
    • Dopowiedzenie poddz. wspólnego
    • (Podręczniki dla szkół wyższych. Skrypty).
080 -Uniwersalna Klasyfikacja Dziesiętna [ , ]
    • 2
    • Identyfikator wydania tablic
    • UDC-P058
    • 9
    • UKD
    • 2800
    • a
    • Symbol klasyfikacji
    • 316.346.3-053.2
    • b
    • Dopowiedzenie
    • Socjologia dziecka.
    • 4
    • UKD2
    • 7665
    • x
    • Poddział wspólny
    • (075.8)
    • c
    • Dopowiedzenie poddz. wspólnego
    • (Podręczniki dla szkół wyższych. Skrypty).
980 -Symbol UKD [ , ]
    • a
    • UKD
    • 37.015:316.346.3-053.2](075.8)
700 -Hasło dodatkowe - nazwa osobowa [1, ]
    • a
    • Nazwa osobowa (NP)
    • Sipińska, Dorota. Find
    • e
    • Określenie rodzaju współpracy
    • Red.
    • 9
    • KHW
    • 25292
700 -Hasło dodatkowe - nazwa osobowa [1, ]
    • a
    • Nazwa osobowa (NP)
    • Modrzewski, Jerzy Find
    • e
    • Określenie rodzaju współpracy
    • Red.
    • 9
    • KHW
    • 25293
    • d
    • Daty biograficzne (NP)
    • (1946- ).
700 -Hasło dodatkowe - nazwa osobowa [1, ]
    • a
    • Nazwa osobowa (NP)
    • Matysiak-Błaszczyk, Agata. Find
    • e
    • Określenie rodzaju współpracy
    • Red.
    • 9
    • KHW
    • 25294
920 -ISBN [ , ]
    • a
    • ISBN
    • 978-83-928439-5-5 Find
Data inwentaryzacji Lokalizacja Status udost. Numer inwentarzowy
2011-06-29BG1Z.115528